Principles of energy, environment, ethics and society / (Record no. 31012)

MARC details
000 -LEADER
fixed length control field 00872nam a22002417a 4500
005 - DATE AND TIME OF LATEST TRANSACTION
control field 20091023112933.0
008 - FIXED-LENGTH DATA ELEMENTS--GENERAL INFORMATION
fixed length control field 091023t xxu||||| |||| 00| 0 eng d
010 ## - LCCN (DPL NO)
LC control number ENG-95176
020 ## - INTERNATIONAL STANDARD BOOK NUMBER
International Standard Book Number 9780070677685
Terms of availability 135.00
020 ## - INTERNATIONAL STANDARD BOOK NUMBER
International Standard Book Number 0070677689
Terms of availability 135.00
035 ## - SYSTEM CONTROL NUMBER
System control number EN-78709
037 ## - SOURCE OF ACQUISITION
Stock number DBAD/PUB
040 ## - CATALOGING SOURCE
Original cataloging agency DPL
082 ## - DEWEY DECIMAL CLASSIFICATION NUMBER
Classification number 333.79
100 ## - MAIN ENTRY--PERSONAL NAME
Personal name Raman Sivakumar
245 ## - TITLE STATEMENT
Title Principles of energy, environment, ethics and society /
Statement of responsibility, etc by Raman Sivakumar
260 ## - PUBLICATION, DISTRIBUTION, ETC. (IMPRINT)
Place of publication, distribution, etc New Delhi
Name of publisher, distributor, etc Tata MaGraw Hill Education
Date of publication, distribution, etc 2009
270 ## - ADDRESS
Address 7, West Patel Nagar
City New Delhi
Postal code 110008
300 ## - PHYSICAL DESCRIPTION
Extent xx, 275p.
Dimensions 24cm. (Pbk)
500 ## - GENERAL NOTE
General note Includes index
942 ## - ADDED ENTRY ELEMENTS (KOHA)
Source of classification or shelving scheme Dewey Decimal Classification
Item type English Books
Call number suffix SIV
Classification part 333.79
Holdings
Withdrawn status Lost status Source of classification or shelving scheme Damaged status Not for loan Collection code Home library Current library Date acquired Source of acquisition Cost, normal purchase price Total Checkouts Full call number Barcode Date last seen Copy number Cost, replacement price Koha item type
    Dewey Decimal Classification   Not For Loan Non-fiction D.B.Act.Division D.B.Act.Division 23/10/2009 DBAD / PUB 135.00   333.79 SIV EN-78709 23/10/2009 1 135.00 English Books

© Delhi Public Library
Hit Counter
free hit counter